000
00308nam a22001217a 4500
005
20250901165809.0
008
250320b |||||||| |||| 00| 0 eng d
020
_6
9780195696585
050
_a
PK 2098 .P74 2014
245
_a
SEVASADAN PREMCHAND
_c
SHINGAVI SNEHAL
260
_a
INDIA
_b
OXFORD
_c
2014
942
_2
lcc
999
_c
9359
_d
9359